LEADER 04803nam 22008415 450 001 996466192603316 005 20200629175953.0 010 $a3-642-33876-3 024 7 $a10.1007/978-3-642-33876-2 035 $a(CKB)3400000000086258 035 $a(SSID)ssj0000767539 035 $a(PQKBManifestationID)11513403 035 $a(PQKBTitleCode)TC0000767539 035 $a(PQKBWorkID)10741672 035 $a(PQKB)10873253 035 $a(DE-He213)978-3-642-33876-2 035 $a(MiAaPQ)EBC3069922 035 $a(PPN)168325624 035 $a(EXLCZ)993400000000086258 100 $a20120913d2012 u| 0 101 0 $aeng 135 $aurnn#008mamaa 181 $ctxt 182 $cc 183 $acr 200 10$aKnowledge Engineering and Knowledge Management$b[electronic resource] $e18th International Conference, EKAW 2012, Galway City, Ireland, October 8-12, 2012, Proceedings /$fedited by Annette ten Teije, Johanna Völker, Siegfried Handschuh, Heiner Stuckenschmidt, Mathieu d'Acquin, Andriy Nikolov, Nathalie Aussenac-Gilles, Nathalie Hernandez 205 $a1st ed. 2012. 210 1$aBerlin, Heidelberg :$cSpringer Berlin Heidelberg :$cImprint: Springer,$d2012. 215 $a1 online resource (XVIII, 452 p. 102 illus.) 225 1 $aLecture Notes in Artificial Intelligence ;$v7603 300 $aInternational conference proceedings. 311 $a3-642-33875-5 320 $aIncludes bibliographical references and index. 327 $aknowledge extraction and enrichment -- natural language processing -- linked data -- ontology engineering and evaluation -- social and cognitive aspects of knowledge representation -- application of knowledge engineering.- demonstrations. 330 $aThis book constitutes the refereed proceedings of the 18th International Conference on Knowledge Engineering and Knowledge Management, EKAW 2012, held in Galway City, Ireland, in October 2012. The 44 revised full papers were carefully reviewed and selected from 107 submissions. The papers are organized in topical sections on knowledge extraction and enrichment, natural language processing, linked data, ontology engineering and evaluation, social and cognitive aspects of knowledge representation, application of knowledge engineering, and demonstrations. 410 0$aLecture Notes in Artificial Intelligence ;$v7603 606 $aArtificial intelligence 606 $aApplication software 606 $aInformation storage and retrieval 606 $aComputer communication systems 606 $aSoftware engineering 606 $aArtificial Intelligence$3https://scigraph.springernature.com/ontologies/product-market-codes/I21000 606 $aInformation Systems Applications (incl. Internet)$3https://scigraph.springernature.com/ontologies/product-market-codes/I18040 606 $aInformation Storage and Retrieval$3https://scigraph.springernature.com/ontologies/product-market-codes/I18032 606 $aComputer Appl. in Administrative Data Processing$3https://scigraph.springernature.com/ontologies/product-market-codes/I2301X 606 $aComputer Communication Networks$3https://scigraph.springernature.com/ontologies/product-market-codes/I13022 606 $aSoftware Engineering$3https://scigraph.springernature.com/ontologies/product-market-codes/I14029 608 $aConference proceedings.$2fast 615 0$aArtificial intelligence. 615 0$aApplication software. 615 0$aInformation storage and retrieval. 615 0$aComputer communication systems. 615 0$aSoftware engineering. 615 14$aArtificial Intelligence. 615 24$aInformation Systems Applications (incl. Internet). 615 24$aInformation Storage and Retrieval. 615 24$aComputer Appl. in Administrative Data Processing. 615 24$aComputer Communication Networks. 615 24$aSoftware Engineering. 676 $a006.3/31 702 $aten Teije$b Annette$4edt$4http://id.loc.gov/vocabulary/relators/edt 702 $aVölker$b Johanna$4edt$4http://id.loc.gov/vocabulary/relators/edt 702 $aHandschuh$b Siegfried$4edt$4http://id.loc.gov/vocabulary/relators/edt 702 $aStuckenschmidt$b Heiner$4edt$4http://id.loc.gov/vocabulary/relators/edt 702 $ad'Acquin$b Mathieu$4edt$4http://id.loc.gov/vocabulary/relators/edt 702 $aNikolov$b Andriy$4edt$4http://id.loc.gov/vocabulary/relators/edt 702 $aAussenac-Gilles$b Nathalie$4edt$4http://id.loc.gov/vocabulary/relators/edt 702 $aHernandez$b Nathalie$4edt$4http://id.loc.gov/vocabulary/relators/edt 712 12$aEuropean Knowledge Acquisition Workshop 906 $aBOOK 912 $a996466192603316 996 $aKnowledge engineering and knowledge management$91933916 997 $aUNISA LEADER 03467 am 2200685 n 450 001 9910169185903321 005 20170205 010 $a2-87854-757-8 035 $a(CKB)3710000001157442 035 $a(FrMaCLE)OB-psn-2106 035 $a(oapen)https://directory.doabooks.org/handle/20.500.12854/42966 035 $a(PPN)202671275 035 $a(EXLCZ)993710000001157442 100 $a20170412j|||||||| ||| 0 101 0 $afre 135 $auu||||||m|||| 181 $ctxt$2rdacontent 182 $cc$2rdamedia 183 $acr$2rdacarrier 200 10$aChances du roman, charmes du mythe $eVersions et subversions du mythe dans la fiction francophone depuis 1950 /$fMarie-Hélène Boblet 210 $aParis $cPresses Sorbonne Nouvelle$d2017 215 $a1 online resource (220 p.) 311 $a2-87854-605-9 330 $aAprès les traumatismes historiques du milieu du XXe siècle et la fin des grands récits de légitimation, des figures et des structures léguées par diverses mythologies aident les romanciers à retrouver le goût du genre, la voie de la fiction, le jeu de la question et de la réponse. à quelle fréquence, à quelle fin des récits aussi différents que ceux de Vialatte, Perec, Roubaud, Le Clézio, Tournier, Claude Louis-Combet, Henry Bauchau ou Sylvie Germain se ressaisissent-ils d?une matière collective archaïque, dans un exercice d?imagination oeuvrante ? Ces questions seront abordées à la lumière d??uvres singulières qui, de manière ludique ou tactique, usent de la mémoire et de la « raison » du mythe. Grâce à leur complexité, à leur équivocité, elles peuvent en exercer le mandat heuristique et se parer de son charme poétique. C?est la chance du roman : à la fois explorer l?énigme, creuser la profondeur du Sacré, affronter le Minotaure et, selon le mot de Pierre-Jean Jouve, « jeter un charme sur le monstre ». 606 $aFrench fiction$y20th century$xHistory and criticism$vCongresses 606 $aFrench fiction$y21st century$xHistory and criticism$vCongresses 606 $aMyth in literature$vCongresses 610 $alittérature 610 $aroman français 610 $amémoire 610 $amythe 615 0$aFrench fiction$xHistory and criticism 615 0$aFrench fiction$xHistory and criticism 615 0$aMyth in literature 700 $aBoblet$b Marie-Hélène$01283455 701 $aBost$b Lorine$01299310 701 $aBoulard$b Stéphanie$01250130 701 $aBouloumié$b Arlette$0681556 701 $aBourgeois$b Marie Elaine$01299311 701 $aCojan$b Otilia Carmen$01299312 701 $aCroce$b Cécile$01292950 701 $aDangy$b Isabelle$01290698 701 $aFrackowiak$b Jean-François$01287304 701 $aGachet$b Delphine$01282884 701 $aKelly$b Van$01283460 701 $aLambert$b Jérémy$0949116 701 $aLaurichesse$b Jean-Yves$01282889 701 $aPalazzo$b Luisa$01299313 701 $aPoirier$b Jacques$0506682 701 $aRomestaing$b Alain$01282713 701 $aSchaffner$b Alain$0165903 701 $aThomas$b Jean-Pierre$01299314 701 $aTomasi$b Marie-Camille$01299315 701 $aWatthee-Delmotte$b Myriam$01240594 701 $aBoblet$b Marie-Hélène$01283455 801 0$bFR-FrMaCLE 906 $aBOOK 912 $a9910169185903321 996 $aChances du roman, charmes du mythe$93025117 997 $aUNINA